000 00842nam a2200229 4500
005 20250801111117.0
010 _aENG-146276
020 _a9789361637780
_c450.00
035 _aEN-129808
037 _bDBAD
082 _a621.3
_21
100 _aGovindaraj, C.
_983564
245 _a3rd International Conference on Recent Advances and Innovations in Science, Engineering, Technology and Management/
_cEdited By S. Nagarajan; C. Seelammal [and] Pandi Selvi
250 _a1
260 _aTamil Nadu
_bShanlax Publications
270 _a61,66 T.P.K. Main Road Vasantha Nagar.
_bTamil Nadu
_e625003
_mshanlaxpublications.com
300 _a239p.
_c29cm(pb)
700 _aNagarajan, S.
_eEditor
_983561
700 _aSeelammal, C.
_eEditor
_983562
700 _aSelvi, Pandi
_eEditor
_983563
942 _2ddc
_cEN
_h621.3
_mINT
999 _c212774
_d212774